000 00569nam a2200217 a 4500
999 _c8856
_d8856
001 8856
003 BD-JhCC
005 20180305100543.0
008 180305s1963 p |||| || | 000 0 eng d
035 _a(BD-JhCC)8856
040 _aBD-JhCC
_dBD-JhCC
041 _aeng
082 _a428.24
_bJAL 1963
100 _aJalil, Md. Abdul
245 _aCollege English /
_cMd. Abdul Jalil,
260 _aPakitan :
_bPakistan Book Corporation,
_c1963
300 _a595 p. :
_c22 cm.
650 _aEnglish Language
_xStuday and Teaching
942 _2ddc
_cBK